000 00855cam a2200253 a 4500
001 2977346
003 PILC
005 20150907123156.0
008 920521s1992 nyua 000 1 eng
010 _a 92020167
020 _a0688118674 (acidfree paper)
020 _a0688123368 (acidfree paper) :
_cFPT $15.00
040 _aDLC
_cDLC
_dDLC
050 0 0 _aPS 3553.R2745
_b.C898 1993
082 0 0 _a813/.54
100 1 _aCraven, Bruce,
_d1960-
245 1 0 _aFast sofa /
_cBruce Craven ; illustrations by Mike Louth.
250 _a1st Quill edition.
260 _aNew York :
_bQuill, W. Morrow,
_c1992.
300 _a331 pages :
_billustrations ;
_c21 cm.
906 _a7
_bcbc
_corignew
_d1
_eocip
_f19
_gy-gencatlg
942 _2lcc
_cBK
_kFOR
999 _c288628
_d288628